Η διακριτική γοητεία της Μαρξιστικής Οικονομίας

Αποθηκεύτηκε σε:
Λεπτομέρειες βιβλιογραφικής εγγραφής
Κύριος συγγραφέας: Ζαχαρέας, Αιμίλιος
Μορφή: Βιβλίο
Γλώσσα:Greek
Δημοσίευση: [Θεσσαλονίκη] : Παρατηρητής, [198_].
Σειρά:Οικονομία (Παρατηρητής) ; 8
Θέματα:
Ετικέτες: Προσθήκη ετικέτας
Δεν υπάρχουν, Καταχωρήστε ετικέτα πρώτοι!

MARC

LEADER 00000cam a2200000 i 4500
001 1/7424
008 000621q19uu gr | ||| |||| ||gre||
020 |a 9602601884   |q (σκληρό εξώφυλλο) 
035 |l 10062278 
040 |a GR-MY-UA  |b gre  |e aacr 
041 0 |a gre 
082 7 |a 335.4   |2 (22) 
100 1 |a Ζαχαρέας, Αιμίλιος. 
245 1 2 |a Η διακριτική γοητεία της Μαρξιστικής Οικονομίας /   |c Αιμίλιος Ζαχαρέας. 
260 |a [Θεσσαλονίκη] :   |b Παρατηρητής,   |c [198_]. 
300 |a 219 σ. ;   |c 24 εκ.  
490 1 |a (Οικονομία / Παρατηρητής ;   |v  8) 
500 |a Βιβλιογραφία: σ. 205-219. 
650 0 0 |a Marxian economics. 
830 0 |a Οικονομία (Παρατηρητής)  |v  ; 8 
852 |a INST  |b LESVOS  |e 20000621  |h 335.4 ΖΑΧ  |p 005100023350  |q 005100023350  |t BK  |y 0 
901 |a BIBL1-2000-2 
909 |a Λ  |b 077182 
970 |z 2000/06/